Advanced electronic communications systems (Record no. 4630)

000 -LEADER
fixed length control field 00519 a2200181 4500
020 ## - INTERNATIONAL STANDARD BOOK NUMBER
International Standard Book Number 8129701073
022 ## - INTERNATIONAL STANDARD SERIAL NUMBER
International Standard Serial Number 8129701073
040 ## - CATALOGING SOURCE
Original cataloging agency DLC
Language of cataloging DLC
082 ## - DEWEY DECIMAL CLASSIFICATION NUMBER
Classification number 621.382
100 ## - MAIN ENTRY--PERSONAL NAME
Personal name Tomasi, Wayne.
245 ## - TITLE STATEMENT
Title Advanced electronic communications systems
Statement of responsibility, etc. Wayne Tomasi
250 ## - EDITION STATEMENT
Edition statement 6th ed.
260 ## - PUBLICATION, DISTRIBUTION, ETC.
Place of publication, distribution, etc. India
Name of publisher, distributor, etc. Pearson Education,
Date of publication, distribution, etc. c2004.
300 ## - PHYSICAL DESCRIPTION
Extent xiv, 654 p. :
Other physical details ill. ;
Dimensions 27 cm.
500 ## - GENERAL NOTE
General note Includes Index
650 ## - SUBJECT ADDED ENTRY--TOPICAL TERM
Topical term or geographic name entry element 1.Digital communications. 2.Telecommunication systems.
942 ## - ADDED ENTRY ELEMENTS (KOHA)
Koha item type Book
Call number prefix 621.382 TOM
Source of classification or shelving scheme
Holdings
Withdrawn status Lost status Damaged status Not for loan Collection code Permanent Location Current Location Shelving location Date acquired Source of acquisition Cost, normal purchase price Total Checkouts Full call number Barcode Date last seen Price effective from Koha item type
          Central Library (CL) Central Library (CL) General Stacks 04/19/2004 Pak Book Corporation 329.38   621.382 TOM SEECS004365 11/14/2012 01/05/2017 Book
          Central Library (CL) Central Library (CL) General Stacks 11/14/2006 Allied Book Company 225.00   621.382 TOM SEECS007737 11/14/2012 01/05/2017 Book
© 2023 Central Library, National University of Sciences and Technology. All Rights Reserved.